|
|
|
|
| LEADER |
00000cam a2200000 a 4500 |
| 001 |
76743 |
| 005 |
20230308172645.0 |
| 008 |
000000|1955 ||||||||r|||||||||||spa|| |
| 040 |
|
|
|b spa
|
| 041 |
1 |
|
|a spa
|
| 082 |
0 |
|
|a 338.9
|
| 100 |
1 |
|
|a Villacrés Moscoso, Jorge Washington.
|9 7714
|
| 245 |
1 |
1 |
|a La Política económica internacional de los estados hispanoamericanos. (Iniciativas y contribución del Ecuador)
|c Jorge W. Villacres Moscoso
|h imp
|
| 264 |
|
|
|a Guayaquil
|b Imprenta de la Universidad
|c 1955
|
| 300 |
|
|
|a 376 páginas:
|c 23.5 cm
|
| 504 |
|
|
|a incl. ref.
|
| 650 |
1 |
|
|a Economia hispanoamericana
|9 12353
|
| 650 |
1 |
|
|a Diplomacia hispanoamericana
|9 66767
|
| 650 |
1 |
|
|a Flota mercante grancolombiana
|9 66768
|
| 650 |
1 |
|
|a Conferencia centroamericana-Grancolombiana
|9 66769
|
| 650 |
1 |
|
|a Entrevista de rumichaca
|9 66770
|
| 852 |
|
|
|a UC-CDJBV
|c ESTANTERIA CERRADA
|f Compra
|k mariana.feican
|l 1
|m General
|p 00000000
|r 2
|t 76743
|b 0
|d CDRC
|e CDRC
|g 338.9 ESTANTERIA CERRADA
|z 0000-00-00
|
| 942 |
|
|
|c BK
|
| 999 |
|
|
|c 40521
|d 40521
|